| 000 | 00741cam a2200193 4500 | ||
|---|---|---|---|
| 001 | WB3618-28 | ||
| 008 | 000000n2000 000 0 eng u | ||
| 035 | _a(Sirsi) u105867 | ||
| 245 | _aBuilding a bright future on the web | ||
| 260 | _c2000 | ||
| 490 |
_aSunday Business _v 7 May 2000, 17(1) |
||
| 520 | _aMorgan Stanley has pinpointed the construction industry as one of six sectors set to gain the most from e-commerce. Business-to-business sites have the potential to save billions through simplifying buying. Lists e-construction sites. | ||
| 590 | _aWB | ||
| 650 | _aCONSTRUCTION INDUSTRY | ||
| 650 | _aE-COMMERCE | ||
| 650 | _aBUILT ENVIRONMENT-BUILDING MATERIALS | ||
| 690 | _aINFORMATION TECHNOLOGY-INTERNET | ||
| 942 | _n0 | ||
| 999 |
_c63394 _d63394 |
||